|
|
|
|
| LEADER |
00000nab a2200000 a 4500 |
| 001 |
vtls000390476 |
| 003 |
SK-MaSNL |
| 005 |
20260302232612.0 |
| 008 |
160205c1989 xo 0 slo |
| 015 |
|
|
|a SNBRA19rr/mm-uuuuu
|
| 035 |
|
|
|a CL0390600
|
| 040 |
|
|
|a SNKBUCL
|b slo
|c SNKBUCL
|e AACR2
|
| 041 |
0 |
|
|a slo
|
| 044 |
|
|
|a xo
|c SK
|
| 080 |
|
|
|a 681.3-181.4:681.32:681.3.022
|2 1981
|
| 080 |
|
|
|a 681.32
|2 1981
|
| 080 |
|
|
|a 681.3.022
|2 1981
|
| 080 |
|
|
|a 002.6
|2 1981
|
| 080 |
|
|
|a 519.8
|2 1981
|
| 100 |
1 |
|
|a Britaňák, V.
|4 aut
|9 964977
|
| 245 |
1 |
0 |
|a Programové prostriedky pre číslicové spracovanie obrazov pomocou modulu TM 991 pre počítače triedy IBM PC
|c V. Britaňák, L. Halada
|
| 300 |
|
|
|b Res. slov., lit. 5 zázn. v angl.
|
| 650 |
0 |
7 |
|a informácie obrazové
|2 snkbucl
|9 933918
|
| 650 |
0 |
7 |
|a spracovanie informácií obrazových
|2 snkbucl
|9 964978
|
| 650 |
0 |
7 |
|a TM 991 (modul spracovania informácií)
|2 snkbucl
|9 964979
|
| 650 |
0 |
7 |
|a prostriedky programové
|2 snkbucl
|9 964980
|
| 655 |
|
7 |
|a články zo zborníkov
|2 snkbucl
|9 166140
|
| 700 |
1 |
|
|a Halada, Ladislav,
|d 1948-
|4 aut
|9 6692
|
| 773 |
0 |
|
|t Počítačové riadenie diskrétnych procesov
|d Bratislava : Dom techniky ČSVTS, 1989
|g S. 92-93
|
| 850 |
|
|
|a Slovenská národná knižnica v Martine
|a MTA001
|
| 852 |
|
|
|a SNK
|b KIS3GCP
|
| 958 |
|
|
|a NB
|
| 958 |
|
|
|a RK
|
| 992 |
|
|
|a RZB
|
| 999 |
|
|
|c 1543639
|d 1545569
|